Statistics for A Level Biology - Transport in plants

Click here to take the quiz!

General Stats

  • This quiz has been taken 30 times
  • The average score is 8 of 22

Answer Stats

DefintionKeyword% Correct
Transports water and mineralsXylem
90%
Transports dissolved assimilatesPhloem
76%
The loss of water vapour from the aerial parts of a plant, mostly through the stomata in the leavesTranspiration
62%
The attraction between water molecules and the walls of the xylem vesselAdhesion
57%
The attraction between water molecules caused by hydrogen bondsCohesion
52%
The cells that help to load sucrose into the sieve tubesCompanion cells
52%
A device that can measure the rate of water uptake as a leafy stem transpiresPotometer
52%
A layer of dividing cellsMeristem
43%
Gaps in the cell wall containing cytoplasm that connects two cellsPlasmodesmata
38%
A part of the plant where assimilates are removed from the transport systemSink
38%
A part of the plant that loads materials into the transport systemSource
38%
A plant adapted to living in dry conditionsXerophyte
38%
A plant adapted to living in water or where the ground is very wetHydrophyte
29%
Make up the tubes in phloem tissue that carry sap up and down the plantSieve tube elements
19%
Consists of cells specialised for transporting fluidsVascular tissue
19%
The tubes which carry water up the plantXylem vessels
19%
Substances that have become a part of the plantAssimilates
14%
The transport of assimilates throughout a plantTranslocation
14%
Plants with two seed leaves and a branching pattern of veins in the leafDicotyledonous plants
0%
Water passes through the spaces in the cell walls and between the cells, but does not pass through any plasma membranes into the cellsThe apoplast pathway
0%
Water enters the cell cytoplasm through the plasma membraneThe symplast pathway
0%
Water is not confined to the cytoplasm of the cells and is able to enter and pass through the vacuoles as wellThe vacuolar pathway
0%

Score Distribution

Percentile by Number Answered

Percent of People with Each Score

Your Score History

You have not taken this quiz